000 01399cam a2200421 i 4500
001 22763476
003 OSt
005 20221109122227.0
008 220824s2021 ne a b 001 0 eng d
010 _a 2021276463
015 _aGBC159152
_2bnb
016 7 _a020162305
_2Uk
020 _a0128047903
035 _a(OCoLC)on1247944760
040 _aUKMGB
_beng
_cUKMGB
_erda
_dOCLCO
_dOCLCF
_dOCLCO
_dDLC
042 _alccopycat
050 0 0 _aLB1051
_b.P75 2016
245 0 4 _aThe psychology of learning and motivation.
_nVolume 65/
_cedited by Brian H. Ross
264 1 _aBoston
_bElsevier
_c2016
300 _aix, 329p :
336 _atext
_2rdacontent
336 _astill image
_2rdacontent
337 _aunmediated
_2rdamedia
338 _avolume
_2rdacarrier
504 _aIncludes bibliographical references and index.
650 0 _aLearning, Psychology of.
650 0 _aMotivation (Psychology)
650 2 _aMotivation
650 6 _aPsychologie de l'apprentissage.
650 6 _aMotivation (Psychologie)
650 7 _aLearning, Psychology of.
_2fast
_0(OCoLC)fst00995009
650 7 _aMotivation (Psychology)
_2fast
_0(OCoLC)fst01027516
700 1 _aFedermeier, Kara D.,
_eeditor.
776 0 8 _iebook version :
_z9780323850735
906 _a7
_bcbc
_ccopycat
_d2
_encip
_f20
_gy-gencatlg
942 _2lcc
_cBK
999 _c19794
_d19793